De la información aútentica del corresponsal del Dayly Express. [Declaraciones del Obispo Miguel Mora de la Mora]

Síntesis: Boletín de información de una entrevista con el Sr. Obispo P. Miguel M. de la Mora, elaborada por el corresponsal del Daily Express, expresando el Obispo su opinión sobre la persecución religiosa.

Guardado en:
Detalles Bibliográficos
Formato: Libro
Colección:1927
Temas:
Etiquetas: Agrega una etiqueta
Sin etiquetas, Sé el primero en etiquetar este registro!

MARC

LEADER 00000nam^a2200000^a^4500
001 000249325
005 20250526000000.0
009 20260310105722.993
035 |a R00186 
037 |a Acervo Xavier Clavigero 
082 |a 8.  |b DAI 
245 1 0 |a De la información aútentica del corresponsal del Dayly Express. [Declaraciones del Obispo Miguel Mora de la Mora] 
264 |a lugar de publicación no identificado :  |b Destinatario: Público en general 
300 |a 1 foja, mimeografíado 21.0 x 32.5 cm. 
336 |a texto  |b txt  |2 rdacontenido 
337 |a sin mediación  |b n  |2 rdamedio 
338 |a volumen  |b nc  |2 rdasoporte 
440 |a 1927 
520 |a Síntesis: Boletín de información de una entrevista con el Sr. Obispo P. Miguel M. de la Mora, elaborada por el corresponsal del Daily Express, expresando el Obispo su opinión sobre la persecución religiosa. 
598 |a Artículo del periódico "Daily Espress" 
598 |a En la biblioteca del ILFC, Guadalajara 
649 |a XX 
650 |a * Obispos -  |x Correspondencia, memorias, etc 
650 |a * Prensa 
650 |a Guerra Cristera 
650 |a * Robles, José María 
650 |a * Esqueda, Pedro 
650 |a * Mora y Mora, Miguel de La 
650 |a * Orozco y Jiménez, Francisco 
600 |a Calles, Plutarco Elías 
910 |a Fondo Jesús Gómez Fregoso S.J. FXC 
920 |a Impresos - Documentos 
930 |a Libros Antiguos y Raros 
940 |a Guerra Cristera 
905 |a 110 
901 |a R00186  |b IT2  |c LRA  |i R00186  |u 20250526 
902 |a https://opac.biblio.iteso.mx/vufind/Record/000249325